| 000 | 01245nam a2200325Ia 4500 | ||
|---|---|---|---|
| 001 | Z_6828 | ||
| 003 | CHAP | ||
| 005 | 20230620145333.0 | ||
| 008 | 220113s2015 xx 000 0 und d | ||
| 010 | _a170103 | ||
| 040 | _cCHAP | ||
| 090 | _aTesis P475 2485 | ||
| 100 |
_aPérez Luna, Miriam Elizabeth _9129512 |
||
| 245 | _aAproximación a la cuantificación de costos de producción de alevines en el trópico: caso de estudio de una empresa piscícola brasileña | ||
| 260 |
_aMéxico : _bEl autor, _c2015 |
||
| 502 | _aTesis (Ingeniero Agrónomo Especialista en Zootecnia) -- UACh, 2015 \ Dirección: Leticia Myriam Sagarnaga Villegas; asesoría: José María Salas González e Higinio Francisco Arias Velazquez | ||
| 650 |
_aAlevines _93804 |
||
| 650 |
_aBrasil _9146067 |
||
| 650 |
_aCostos de producción _928514 |
||
| 650 |
_aTrópico _9146068 |
||
| 700 |
_a Arias Velazquez, Higinio Francisco, asesor _9146069 |
||
| 700 |
_a Salas González, José María, asesor _9145946 |
||
| 700 |
_aSagarnaga Villegas, Leticia Myriam, dirección _9146070 |
||
| 856 | 4 | 2 |
_uhttp://10.13.5.2/tesis/sist111607.pdf _yDescargar PDF |
| 901 | _aTESIS P475 2485 | ||
| 902 | _aA | ||
| 910 | _a2015 | ||
| 942 |
_c2 _2ddc |
||
| 942 |
_c2 _2ddc |
||
| 999 |
_c170103 _d170103 |
||